Kurzgefatzte Geschichte der Wlachischen Razion in Dacien und Macedonien
| Main Author: | |
|---|---|
| Format: | Book |
| Language: | English |
| PhysicalDescription: | 29 s. |
| Published: |
[ S. l. ]
Franz Joseph Patzko
1819
|
MARC
| LEADER | 00000nam a2200000 a 4500 | ||
|---|---|---|---|
| 001 | vtls009284733 | ||
| 003 | SK-MaSNL | ||
| 005 | 20260301081607.0 | ||
| 008 | 240314 000 0 eng | ||
| 040 | |a SNK |b slo |c SNK |e AACR2 | ||
| 100 | 1 | |a Montan, Georg |4 aut |9 405120 | |
| 245 | 1 | 0 | |a Kurzgefatzte Geschichte der Wlachischen Razion in Dacien und Macedonien |c Georg Montan |
| 260 | |a [ S. l. ] |b Franz Joseph Patzko |c 1819 | ||
| 300 | |a 29 s. | ||
| 999 | |c 656302 |d 658232 | ||
| 952 | |a SNK |b SNK |y PREZ |7 0 |p 17A0585726 |o snkSD 15589 |i snk2969/58 |3 rekatalogizácia |0 0 |1 0 |4 0 |d 2008-04-11 |l 0 |r 2025-11-28 00:00:00 |w 2026-02-23 | ||


